000 00737nam a2200253Ia 4500
003 OSt
005 20220926024443.0
006 a|||||r|||| 00| 0
007 ta
008 220923b |||||||| |||| 00| 0 eng d
020 _a0859469527
037 _cGeneral Book
040 _aRTL
_cRTL
_beng
041 _2eng
_aeng
082 _aX9(F191).5.N2, N4
100 _aMagnusson Lars
245 0 _aContest for control
_b Metal industries in Sheffield, Soligen, Ramschied and Ekilstuna
260 _aOxford
_bBerg
_c1994
300 _avii, 223p
_ccm.
650 _a Metal
_9330740
650 _aIndustrial Economics
942 _hX9(F191).5.N2, N4
_cGB
_2CC
999 _c644284
_d644284